Enseñanza por correspondencia / Escuela de Trabajo de la Diputación Provincial de Barcelona, Escuela de Maestría Industrial
Descripción Física:
13 p. ; 21 cm
MARC
| LEADER | 00000nam a2200000Ia 4500 | ||
|---|---|---|---|
| 001 | 14822 | ||
| 008 | 160829s9999 xx 000 0 cat d | ||
| 080 | |a FU-31-18 | ||
| 110 | 2 | |a Escola del Treball (Barcelona, Catalunya) |9 54586 | |
| 245 | |a Enseñanza por correspondencia / Escuela de Trabajo de la Diputación Provincial de Barcelona, Escuela de Maestría Industrial | ||
| 260 | |a Barcelona : |b la Escuela, DL 1965 | ||
| 300 | |a 13 p. ; |c 21 cm | ||
| 610 | 2 | 0 | |a Escola del Treball (Barcelona, Catalunya) |x Currículums |9 55344 |
| 650 | |a Cursos per correspondència |9 33043 | ||
| 650 | |a Formació professional |9 38621 | ||
| 901 | |a Arxiu | ||
| 942 | |n 1 |2 udc | ||
| 952 | |0 0 |1 0 |4 0 |6 FU3118 |7 1 |9 42624 |a Arxiu |b Arxiu |d 2016-12-01 |l 0 |o FU-31-18 |p 14822 |r 2016-12-01 00:00:00 |w 2016-12-01 |y ARXIU | ||
| 999 | |c 45130 |d 45130 | ||